Faculty of Law Library — Cairo University

Official Online Catalog

شرح قانون الإجراءات الجنائية. (Record no. 49087)

MARC details
000 -LEADER
fixed length control field 01300nam a2200301 i 4500
003 - CONTROL NUMBER IDENTIFIER
control field EG-GICUC
005 - DATE AND TIME OF LATEST TRANSACTION
control field 20260121101441.0
008 - FIXED-LENGTH DATA ELEMENTS--GENERAL INFORMATION
fixed length control field 251207s1951 ua ||||fr|||| 00| 0 ara d
040 ## - CATALOGING SOURCE
Original cataloging agency EG-GICUC
Language of cataloging ara
Transcribing agency EG-GICUC
Modifying agency EG-GICUC
Description conventions rda
041 0# - LANGUAGE CODE
Language code of text/sound track or separate title ara
082 04 - DEWEY DECIMAL CLASSIFICATION NUMBER
Edition number 21
Classification number 343.3
Item number ع د . ش
092 04 - LOCALLY ASSIGNED DEWEY CALL NUMBER (OCLC)
Edition number 21
099 ## - LOCAL FREE-TEXT CALL NUMBER (OCLC)
Classification number Law1 10 343.3 ع د . ش 1 ed - 1951
100 0# - MAIN ENTRY--PERSONAL NAME
Personal name عدلى عبد الباقى
Relator term مؤلف.
245 10 - TITLE STATEMENT
Title شرح قانون الإجراءات الجنائية.
Number of part/section of a work الجزء الأول،
Name of part/section of a work يتناول الكلام في الدعوى الجنائية ، الدعوى المدنية ، النيابة العامة الضبط القضائي ، قاضي التحقيق ، غرفة الاتهام /
Statement of responsibility, etc. عدلى عبد الباقى.
250 ## - EDITION STATEMENT
Edition statement الطبعة الأولى
264 ## - PRODUCTION, PUBLICATION, DISTRIBUTION, MANUFACTURE, AND COPYRIGHT NOTICE
Place of production, publication, distribution, manufacture القاهرة :
Name of producer, publisher, distributor, manufacturer المطبعة العالمية،
Date of production, publication, distribution, manufacture, or copyright notice 1951.
300 ## - PHYSICAL DESCRIPTION
Extent 532 صفحة ؛
Dimensions 24 سم.
336 ## - CONTENT TYPE
Source rda content
Content type term text
337 ## - MEDIA TYPE
Source rda media
Media type term Computer
338 ## - CARRIER TYPE
Source rda carrier
Carrier type term Online Resource
546 ## - LANGUAGE NOTE
Language note النص باللغة العربية
650 14 - SUBJECT ADDED ENTRY--TOPICAL TERM
Topical term or geographic name entry element قانون الإجراءات الجنائية
650 14 - SUBJECT ADDED ENTRY--TOPICAL TERM
Topical term or geographic name entry element القانون الجنائي
856 40 - ELECTRONIC LOCATION AND ACCESS
Uniform Resource Identifier <a href="https://fll.law.cu.edu.eg/fulltext/bks/B10-05794.pdf">https://fll.law.cu.edu.eg/fulltext/bks/B10-05794.pdf</a>
905 ## - Cataloger and Reviser Names
Cataloger Name: Roqaia Ahmed
Revisor Name: Hassnaa
942 ## - ADDED ENTRY ELEMENTS (KOHA)
Source of classification or shelving scheme Dewey Decimal Classification
Koha item type Books
Edition 21
Suppress in OPAC No
Holdings
Withdrawn status Lost status Source of classification or shelving scheme Damaged status Not for loan Collection Home library Current library Date acquired Total checkouts Full call number Barcode Date last seen Copy number Price effective from Koha item type Materials specified (bound volume or other part)
    Dewey Decimal Classification يحتاج إلى ترميم Not for loan القانون الجنائي جــــامعة القــاهرة مكتبة كلية الحقوق - المبنى الرئيسي 07.12.2025   Law1 10 343.3 ع د . ش 1 ed - 1951 1005794 V1 , C1 B10-05794 07.12.2025 1 07.12.2025 Books  
    Dewey Decimal Classification     القانون الجنائي جــــامعة القــاهرة مكتبة كلية الحقوق - المبنى الرئيسي 29.01.2026   Law1 10 343.3 ع د . ش 1 ed - 1951 1005265 V1, C2 B10-05265 29.01.2026 2 29.01.2026 Books V1
    Dewey Decimal Classification     القانون الجنائي جــــامعة القــاهرة مكتبة كلية الحقوق - فـرع الشيخ زايد 29.01.2026   Law2 10 343.3 ع د . ش 1 ed - 1951 1005184 V1, C3 B10-05184 29.01.2026 3 29.01.2026 Books V1

© All rights reserved — Faculty of Law, Cairo University